000 00603nam a2200205Ia 4500
003 IN-BaIIA
008 211028s9999 xx 000 0 eng d
020 _a978-3-662-45242-4
040 _cIIA Library
080 _a52(082.1)
_bASS-417
100 _aRyutova, Margarita
_936421
245 0 _aPhysics of magnetic flux tubes
_cMargarita Ryutova
260 _aHeidelberg
_bSpringer
_c2015
300 _axxii, 559p.
490 _aAstrophysics and space science library; v. 417
650 _aAstrophysics;
_9794
650 _aMagnetic flux
_917006
650 _aSolar magnetic fields
_94454
942 _cBK
999 _c19074
_d19074